| 000 | 00000nas 2200000za 4500 |
| 001 | 9.809353 |
| 003 | CaOODSP |
| 005 | 20241104110400 |
| 007 | cr ||||||||||| |
| 008 | 160114d19791995oncuu p o f000#a0fre|d |
| 040 | |aCaOODSP|bfre |
| 041 | |aeng|afre |
| 043 | |an-cn--- |
| 086 | 1 |aPF1-7-PDF |
| 245 | 00|aSpecial list of Canadian government publications |h[ressource électronique] = |bListe spéciale des publications du gouvernement canadien. |
| 246 | 11|aListe spéciale des publications du gouvernement canadien |
| 260 | |aOttawa : |bApprovisionnements et services Canada, Imprimerie et édition, |c1979-1995. |
| 362 | 0 |a7 mai 1976- |
| 362 | 0 |aNe paraît plus après le no 5 (30 juin 1995)? |
| 500 | |aÉdition numérisée de l’imprimé [par la Direction des Édition et Services de dépôt]. |
| 500 | |aLe titre varie légèrement. |
| 515 | |aLes numérotations commencent chaque année avec le no 1. |
| 546 | |aTexte en anglais et en français. |
| 692 | 07|2gccst|aPublication gouvernementale |
| 710 | 1 |aCanada. |bApprovisionnements et services Canada. |
| 791 | |tSpecial list of Canadian government publications |eeng|w(CaOODSP)9.809350 |